Island, Coastal, Landlocked or Double Landlocked? Quiz Stats

 Plays Quiz not verified by Sporcle

Score 0/39 Timer 05:00
0 Plays Today
% Correct
Landlocked
92.4%
Island
89.6%
Landlocked
89.2%
Landlocked
88.8%
Landlocked
88.5%
Landlocked
87.4%
Coastal
87.4%
Island
87.4%
Island
86.7%
Coastal
86.7%
Coastal
86.3%
Coastal
86%
Coastal
86%
Coastal
85.6%
Coastal
85.6%
Landlocked
85.6%
Island
84.9%
Island
84.9%
Coastal
84.5%
Island
84.5%
% Correct
Coastal
84.2%
Coastal
83.1%
Landlocked
83.1%
Landlocked
82.7%
Coastal
82.4%
Island
81.7%
Landlocked
80.2%
Coastal
78.8%
Coastal
77.7%
Landlocked
77.3%
Coastal
77.3%
Coastal
77.3%
Island
75.5%
Double Landlocked
75.2%
Coastal
74.1%
Double Landlocked
73.7%
Coastal
70.1%
Island
67.6%
Landlocked
67.6%

You're not logged in!

Compare scores with friends on all Sporcle quizzes.
OR
Log In

Show Comments

Extras

Top Quizzes Today


Score Distribution

Your Account Isn't Verified!

In order to create a playlist on Sporcle, you need to verify the email address you used during registration. Go to your Sporcle Settings to finish the process.

Report this User

Report this user for behavior that violates our Community Guidelines.

Details: